000 00761cab a2200265 4500
001 WB3003-08
008 090401t1994 xxu||||| |||| 00| 0 eng d
035 _a(Sirsi) u53229
041 _aeng
245 _aRetailers hit by crime
260 _c1994
350 _a0
490 _aFinancial Times
_v19 Janaury 1994, 1,20,8(1)
520 _aCrime cost UK retailers £2bn in 1993. "Retail crime costs" British Retail Consortium £20.
650 _aBRITISH RETAIL CONSORTIUM
650 _aCRIME PREVENTION
650 _aCRIME
650 _aRETAIL PROPERTY
650 _aTERRORISM
650 _aVANDALISM
690 _aCOMMERCIAL PROPERTY-MANAGEMENT
690 _aPROPERTY-COMMERCIAL PROPERTY-RETAIL PROPERTY
942 _n0
948 _c04/03/1997
999 _c32830
_d32830